000 00240nam a22001097a 4500
999 _c65196
_d65193
082 _a297
100 _aA. H. Suhrawardy
245 _aIslam for Modern times
260 _aLahore
_bFerozsons (pvt) LTD.
_c1995
300 _a159 p.
942 _cBK